La organización de los contenidos en el jardín de infantes /

Guardado en:
Autor Principal: Spakowsky, Elisa
Otros Autores: Label, Clarisa, Figueras, Carmen
Formato: Libro
Publicado: Buenos Aires : Colihue, 1997
Series:Nuevos caminos en educación inicial
Materias:
Etiquetas: Agregar Etiqueta
Sin Etiquetas, Sea el primero en etiquetar este registro!
LEADER 01126nam a22002655a 4500
001 CEM.cems009627
005 20080725125330.0
008 130507s1997##################000#0#####d
003 CEMS
020 |a 9505816979 
082 0 4 |a 372.2 
100 1 |a Spakowsky, Elisa 
245 1 0 |a La organización de los contenidos en el jardín de infantes /  |c Elisa Spakowsky, Clarisa Label, Carmen Figueras 
260 |a Buenos Aires :  |b Colihue,  |c 1997 
300 |a 120 p. 
490 0 |a Nuevos caminos en educación inicial 
500 |a Red Federal de Formación Docente Continua 
505 0 |a Las corrientes pedagógicas en el marco de las teorías del orden y del conflicto -- La función del jardín de Infantes. Un análisis crítico -- La unidad didáctica: una forma de organizar la tarea partiendo de la realidad -- Hacemos una unidad didáctica? -- Es posible enseñar a través del juego? 
653 |a Educación 
653 |a Currículum 
653 |a Educación preescolar 
653 |a Nivel inicial 
700 1 |a Label, Clarisa 
700 1 |a Figueras, Carmen 
859 |a CEMS  |b BIB. CEMS - 11 de abril  |h 372.2  |i Sp15  |p 19837.98  |t Ej.1